Kütle transferi esasları ve uygulamaları/ (Record no. 32777)
| 000 -BAŞLIK | |
|---|---|
| Sabit Uzunluktaki Kontrol Alanı | 01071nam a22003377a 4500 |
| 001 - KONTROL NUMARASI | |
| Control Dosyası | 0034010 |
| 003 - KONTROL NUMARASI KİMLİĞİ | |
| Kontrol Alanı | KOHA_MİRAKIL |
| 005 - EN SON İŞLEM TARİHİ ve ZAMANI | |
| Kontrol Alanı | 20260207002833.0 |
| 007 - FİZİKSEL TANIM SABİT ALAN - GENEL BİLGİ | |
| Sabit uzunluklu kontrol alanı | ta |
| 008 - SABİT UZUNLUKTAKİ VERİ ÖGELERİ - GENEL BİLGİ | |
| Sabit Alan | 150624b2003 tu |||gr||||#||||0|tur | |
| 020 ## - ISBN - ULUSLARARASI STANDART KİTAP NUMARASI | |
| Isbn | 9755070729 |
| 040 ## - KATALOGLAMA KAYNAĞI | |
| Özgün Kataloglama Kurumu | TR-BiSEU |
| Kataloglama Dili | tur |
| Çeviri Kurumu | TR-BiSEU |
| Açıklama Kuralları | rda |
| 041 0# - DİL KODU | |
| Metin ya da ses kaydının dil kodu | tur |
| 044 ## - YAYINLAYAN/ÜRETEN KURULUŞUN ÜLKE KODU | |
| ISO country code | tu |
| 050 ## - SINIFLAMA ve YER NUMARASI | |
| Sınıflama Numarası | TP156 |
| Yer Numarası | .U97 2003 |
| 100 1# - KİŞİ ADI | |
| Yazar Adı (Kişi adı) | Uysal, Bekir Zühtü . |
| 245 1# - ESER ADI BİLDİRİMİ | |
| Başlık | Kütle transferi esasları ve uygulamaları/ |
| Sorumluluk Bildirimi | Bekir Zühtü Uysal ; Bekir Zühtü Uysal. |
| 264 #1 - ÜRERİM, YAYIN, DAĞITIM ve TELİF BİLDİRİMİ | |
| Yayın yeri | Ankara : |
| Yayınlayan | Gazi Kitabevi |
| Yayın tarihi | 2003 |
| 300 ## - FİZİKSEL TANIMLAMA | |
| Sayfa, Cilt vb. | 418 s. ; |
| Boyutları | 21 cm. |
| 336 ## - İÇERİK TÜRÜ | |
| Content type term | metin |
| Content type code | txt |
| Source | rdacontent |
| 337 ## - MEDYA TÜRÜ | |
| Media type term | aracısız |
| Media type code | n |
| Source | rdamedia |
| 338 ## - TAŞIYICI TÜRÜ | |
| Carrier type term | cilt |
| Carrier type code | nc |
| Source | rdacarrier |
| 490 1# - DİZİ BİLDİRİMİ | |
| Dizi Bildirimi | Gazi Üniversitesi Yayın No ; |
| Cilt Numarası | 211. |
| 490 1# - DİZİ BİLDİRİMİ | |
| Dizi Bildirimi | Mühendislik-Mimarlık Fakültesi Yayın No ; |
| Cilt Numarası | 19. |
| 500 ## - GENEL NOT | |
| Genel Not | Dizin var. |
| 650 #0 - KONU BAŞLIĞI EK GİRİŞ - KONU TERİMİ | |
| Konusal terim veya coğrafi ad | Kütle transferi. |
| 9 (RLIN) | 7922 |
| 650 #0 - KONU BAŞLIĞI EK GİRİŞ - KONU TERİMİ | |
| Konusal terim veya coğrafi ad | Mass transfer. |
| 9 (RLIN) | 7923 |
| 830 1# - SERİ EK GİRİŞİ - TEKBİÇİM ESER ADI | |
| Tekbiçim Başlık | Gazi Üniversitesi Yayın No ; |
| Volume number/sequential designation | 211. |
| 9 (RLIN) | 43038 |
| 830 1# - SERİ EK GİRİŞİ - TEKBİÇİM ESER ADI | |
| Tekbiçim Başlık | Mühendislik-Mimarlık Fakültesi Yayın No ; |
| Volume number/sequential designation | 19. |
| 9 (RLIN) | 63743 |
| 942 ## - EK GİRİŞ ÖGELERİ (KOHA) | |
| Source of classification or shelving scheme | Library of Congress Classification |
| Koha item type | Book |
| Materyal Türü | Kalıcı Konum | Mevcut Konum | Raf Yeri | Koleksiyon Kodu | Sınıflandırma Kaynağı | Edinim Bilgisi | Ana Konular | Alt Konular | Yer Numarası | Demirbaş Numarası | Fatura Tarihi | Geri Çekilme Durumu | Kayıp Durumu | Hasarlı Durumu | Kredi için değil | Kayıt Tarih | Toplam Ödünçverme | Son Görülme Tarihi | Son Kontrol Tarihi | Maliyet, Alış Fiyatı | Maliyet, Yenileme Fiyatı | Satın Alma Notu | Genel / Bağış Notu |
|---|---|---|---|---|---|---|---|---|---|---|---|---|---|---|---|---|---|---|---|---|---|---|---|
| Rezerv Kaynak | Prof. Dr. Azmi Özcan Kütüphanesi | Prof. Dr. Azmi Özcan Kütüphanesi | Danışma | Rezerv | Library of Congress Classification | Satın | TEKNOLOJİ | Kimya Teknolojisi | TP156 .U97 2003 | 0034010 | 02/02/2026 | 23/08/2011 | 29 | 13/11/2025 | 13/11/2025 | ||||||||
| Book | Prof. Dr. Azmi Özcan Kütüphanesi | Prof. Dr. Azmi Özcan Kütüphanesi | Birûni Salonu | Library of Congress Classification | Satın | TEKNOLOJİ | Kimya Teknolojisi | TP156 .U97 2003 | 0034011 | 02/02/2026 | 23/08/2011 | 32 | 26/05/2025 | 26/05/2025 | |||||||||
| Book | Prof. Dr. Azmi Özcan Kütüphanesi | Prof. Dr. Azmi Özcan Kütüphanesi | Birûni Salonu | Library of Congress Classification | Satın | TEKNOLOJİ | Kimya Teknolojisi | TP156 .U97 2003 | 0042492 | 24/09/2013 | 30/07/2013 | 27 | 26/05/2025 | 26/05/2025 | 18.63 | 18.63 | 73291-73383 (92 sayfa) | ||||||
| Book | Prof. Dr. Azmi Özcan Kütüphanesi | Prof. Dr. Azmi Özcan Kütüphanesi | Birûni Salonu | Library of Congress Classification | Bağış | TEKNOLOJİ | Kimya Teknolojisi | TP156 .U97 2003 | 0048836 | 02/02/2026 | 24/06/2015 | 31 | 26/05/2025 | 26/05/2025 | Şule Göçen |
